000 00470nam a22001817a 4500
003 0
005 20231009075015.0
008 231009b xxu||||| |||| 00| 0 eng d
020 _a978-1-4022-4392-9
050 _aPZ 7
_b.B46 2011
100 _aBennett, Olivia
245 _aWho what wear
_c Olivia Bennett
260 _aIllinois, USA
_bSourcebooks, Inc.
_cc2011.
300 _a231 pages ;
_c20 cm.
500 _aFiction.
650 _aFiction.
942 _2lcc
_cBK
999 _c365507
_d365507